Southville International School and Colleges
Your cart is empty.
  • Cart
  • Lists
    Public lists list_1 View all
    Your lists Log in to create your own lists
  • Log in to your account
  • Your cookies
  • Search history
Southville International School and Colleges
  • Advanced search
  • Recent comments
  • Most popular
  • Libraries

Log in to your account

Log in with GOOGLE


If you do not have an external account, but do have a local account, you can still log in:

  1. Home
  2. MARC view: God's little devotional book for men /
Normal view MARC view ISBD view

God's little devotional book for men / (Record no. 305420)

[ view plain ]
MARC details
000 -LEADER
fixed length control field 00582nam a2200217Ia 4500
008 - FIXED-LENGTH DATA ELEMENTS--GENERAL INFORMATION
fixed length control field 170203s9999 xx 000 0 und d
020 ## - INTERNATIONAL STANDARD BOOK NUMBER
International Standard Book Number 9718340130
050 ## - LIBRARY OF CONGRESS CALL NUMBER
Classification number 242.6
050 ## - LIBRARY OF CONGRESS CALL NUMBER
Item number .G577 1996
245 ## - TITLE STATEMENT
Title God's little devotional book for men /
260 ## - PUBLICATION, DISTRIBUTION, ETC. (IMPRINT)
Place of publication, distribution, etc Manila :
260 ## - PUBLICATION, DISTRIBUTION, ETC. (IMPRINT)
Name of publisher, distributor, etc Lighthouse Books,
260 ## - PUBLICATION, DISTRIBUTION, ETC. (IMPRINT)
Date of publication, distribution, etc 2001
300 ## - PHYSICAL DESCRIPTION
Extent 309 pages ;
300 ## - PHYSICAL DESCRIPTION
Dimensions 18 cm.
500 ## - GENERAL NOTE
General note Originally published: Tulsa, Okla. : Honor Books, c1996.
650 ## - SUBJECT ADDED ENTRY--TOPICAL TERM
Topical term or geographic name as entry element Christian life
650 ## - SUBJECT ADDED ENTRY--TOPICAL TERM
Topical term or geographic name as entry element Men -- Prayer-books and devotions
650 ## - SUBJECT ADDED ENTRY--TOPICAL TERM
General subdivision Anecdotes.
650 ## - SUBJECT ADDED ENTRY--TOPICAL TERM
General subdivision English.
Holdings
Withdrawn status Lost status Damaged status Home library Current library Shelving location Date acquired Total Checkouts Full call number Barcode Date last seen Price effective from Koha item type
      Stonyhurst Southville International School (Batangas) Stonyhurst Southville International School (Batangas)   02/03/2017   242.6 .G577 1996 US-5677 02/03/2017 02/03/2017 Books

God's little devotional book for men /

APA

God's little devotional book for men. Manila: .

Chicago

God's little devotional book for men. Manila: .

Harvard

God's little devotional book for men. Manila: .

MLA

Manila: . .

  • Place hold
  • Print
  • Cite
  • Add to your cart (remove)
  • Save record
    BIBTEX Dublin Core MARCXML MARC (non-Unicode/MARC-8) MARC (Unicode/UTF-8) MARC (Unicode/UTF-8, Standard) MODS (XML) RIS
  • More searches
    Search for this title in:
    Other Libraries (WorldCat) Other Databases (Google Scholar) Online Stores (Bookfinder.com) Open Library (openlibrary.org)

Exporting to Dublin Core...

SOUTHVILLE LIBRARY

Southville International School and Colleges Library

1281 Tropical Ave. Cor. Luxembourg St., BF Homes International, Las Pinas City

Tel. No. 8256374 / 252358 Loc. 117/146

Powered by Koha